Music Quiz

Random Music or Mixed Word Quiz
Score 0/32 Timer 04:00
1 Play Today
% Correct
THAW
91.5%
FLEE
89.5%
NORTH
88.4%
BONEY
87%
PEED
82.5%
COLA
81.3%
HOOKS
79.4%
DOLT
78.7%
SOLVE
78.7%
ARMY
77.2%
CONE
77.1%
DIVA
76.8%
BURY
73.4%
STAIN
71.9%
CANED
68.8%
STEW
68.4%
% Correct
CLOD
66%
STUD
65.4%
LUBE
57.1%
RATS
56.8%
FAKER
55.5%
RUNT
55.3%
RUTH
54.3%
SORES
54.2%
ELVIS
52.5%
MACE
52%
METH
51.8%
SALT
46.4%
SHEET
33.1%
NOSE
30.4%
PHASES
28.9%
SAILED
28.4%
Remove Ads.
Support Sporcle.
Get the best of Sporcle when you Go Orange. This ad-free experience offers more features, more stats, and more fun while also helping to support Sporcle. Thank you for becoming a member.

You're not logged in!

Compare scores with friends on all Sporcle quizzes.
OR
Log In

Sporcle TV

Today on Sporcle TV


Watch our educational content, quiz creation guides, and fun videos on Sporcle TV.

Show Comments

Extras

Top Quizzes Today


Score Distribution

Paid Content

Your Account Isn't Verified!

In order to create a playlist on Sporcle, you need to verify the email address you used during registration. Go to your Sporcle Settings to finish the process.

Report this User

Report this user for behavior that violates our Community Guidelines.

Details: